Estela 4 Religión Católica: guía didáctica
Gespeichert in:
| 1. Verfasser: | |
|---|---|
| Weitere Verfasser: | , , , |
| Format: | Buch |
| Sprache: | Spanisch |
| Veröffentlicht: |
Madrid, España
Bruño
1993
|
| Schlagworte: | |
| Tags: |
Tag hinzufügen
Keine Tags, Fügen Sie den ersten Tag hinzu!
|
MARC
| LEADER | 00000nam a2200000 a 4500 | ||
|---|---|---|---|
| 001 | UCP5222 | ||
| 003 | CL-VaPUC | ||
| 005 | 20230712141820.0 | ||
| 008 | 990903e19930000SP |||||||||||||||||spa|d | ||
| 999 | |c 282997 |d 282995 | ||
| 040 | |c Pontificia Universidad Católica de Valparaíso | ||
| 082 | 0 | 4 | |a 372.84 BUE 1993 |2 21 |
| 100 | 0 | |a Bueno Heras, Carmelo |9 433403 | |
| 245 | 1 | 0 | |a Estela 4 Religión Católica: guía didáctica |
| 260 | 0 | 3 | |a Madrid, España |b Bruño |c 1993 |
| 300 | |a 213 páginas | ||
| 583 | |a last modification |c 20170828 10:39:17 |k Rodrigo Vera | ||
| 650 | 0 | |a Educación básica |9 224933 | |
| 650 | 0 | |a Enseñanza de la religión |9 432005 | |
| 650 | 0 | |a Libros de texto |9 270019 | |
| 650 | 0 | |a Religión católica |9 399371 | |
| 700 | |a García Franco, Pedro María |9 433488 | ||
| 700 | 0 | |a Pérez Landáburu, Encarnación |9 433405 | |
| 700 | 0 | |a Pérez Urroz, Alejandro |9 433406 | |
| 700 | 0 | |a Tarradas de Luque, Carmen |9 433407 | |
| 942 | |c BK |2 ddc | ||
| 945 | |d 19990903 00:00:00 |a cmena | ||
| 952 | |0 0 |1 0 |2 ddc |4 0 |6 372_840000000000000_BUE_1993 |7 0 |8 A |9 325735 |a BIBEDU |b BIBEDU |d 2019-11-20 |i 3541037 |o 372.84 BUE 1993 |p 3541037 |r 2019-11-20 |t 1 |w 2019-11-20 |y BK |k BME | ||